00908nam a2200229 a 450000100060000000300080000600500170001400800410003103500190007204000270009104100080011808200260012610000480015224500770020026000380027730000320031550000880034752001320043565000320056765000200059970000590061971242BD-RjUL20211209082107.0170430s1956 nyua j 000 0 eng d a(BD-RjUL)71457 aDLCcDLCdBD-RjULbeng aeng00a821.912223bMIN 19561 aMilne, A. A.q(Alan Alexander),d1882-1956.10aNow we are six /cby A.A. Milne ; with decorations by Ernest H. Shepard. aNew York :bMethuen & Co.,c1956. ax, 103 p. :bill. ;c20 cm. a"First published in the United States of America by E.P. Dutton, 1927"--T.p. verso. aA collection of poems reflecting the experiences of a little English boy growing up in the early part of the twentieth century. 0aChildren's poetry, English. 1aEnglish poetry.1 aShepard, Ernest H.q(Ernest Howard),d1879-1976,eill.